[Event "Biel GM"]
[Site "Biel"]
[Date "2003.07.21"]
[Round "1"]
[White "Kortschnoj, Viktor Lvovich"]
[Black "Bacrot, Etienne"]
[Result "1/2-1/2"]
[WhiteElo "2628"]
[BlackElo "2645"]
[Annotator "Huzman,A"]
[PlyCount "39"]
[EventDate "2003.07.21"]
[EventType "tourn"]
[EventRounds "11"]
[EventCountry "SUI"]
[EventCategory "16"]
[SourceTitle "CBM 097"]
[Source "ChessBase"]
[SourceDate "2003.11.11"]
[SourceVersion "1"]
[SourceVersionDate "2003.11.11"]
[SourceQuality "1"]

1. Nf3 d5 2. d4 Nf6 3. c4 c6 4. Qb3 dxc4 5. Qxc4 Bf5 6. e3 Nbd7 7. Nbd2 Qc7 {
[%cal Ye7e5]} 8. Qb3 {White prevent promoting e5 by this move.} ({Another
possibility to fight for advantage was trying to seize the centre by} 8. Nh4 $5
Be6 (8... Nb6 9. Qb3 Be6 10. Qc2 g6 11. e4) 9. Qc2 g6 10. e4) 8... h6 9. Nc4 {
White fully prevented promotion e5 but Black easily equalized the game by
another promotion - c5.} e6 10. Bd3 Bxd3 11. Qxd3 c5 $11 12. O-O Be7 ({Black
could fight for advantage by} 12... b5 13. Nce5 c4 14. Qc2 Nxe5 15. Nxe5 (15.
dxe5 Nd7 16. Nd4 a6 (16... Qxe5 17. a4 b4 18. Qxc4 Bd6 19. Nf3 $11) 17. f4 Bc5
$15) 15... Bd6 16. f4 O-O $15) 13. b3 $1 O-O 14. Bb2 Rfd8 15. Qe2 b5 16. Nce5
Qb7 17. Nxd7 Nxd7 18. Rfd1 {This is absolutely simmetrical.Both of opponents
have no weaknesses in their position and draw looks fatal.} a6 19. dxc5 Nxc5
20. Bd4 1/2-1/2

[Event "FIDE-Wch k.o."]
[Site "Groningen"]
[Date "1997.12.16"]
[Round "3.5"]
[White "Lautier, Joel"]
[Black "Gelfand, Boris"]
[Result "0-1"]
[WhiteElo "2660"]
[BlackElo "2695"]
[Annotator "Huzman,A"]
[PlyCount "82"]
[EventDate "1997.12.09"]
[EventType "k.o."]
[EventRounds "7"]
[EventCountry "NED"]
[SourceTitle "CBM 063"]
[Source "ChessBase"]
[SourceDate "1998.03.26"]
[SourceVersion "1"]
[SourceVersionDate "1998.03.26"]
[SourceQuality "1"]

1. d4 d5 2. c4 c6 3. Nf3 Nf6 4. Qc2 dxc4 5. Qxc4 Bf5 6. g3 e6 7. Bg2 Nbd7 8.
O-O (8. Nc3 Be7 9. O-O O-O 10. e3 Ne4 11. Qe2 Nxc3 12. bxc3 Be4 13. c4 Qa5 14.
Rd1 Qa4 15. Ne1 Bxg2 16. Kxg2 Rfd8 17. Bb2 Nb6 18. c5 Qc4 19. Nd3 Na4 20. Rab1
b6 $11 {Donchenko,A-Volkov,S/RUS-Cup02 1998/1/2-1/2 (44)}) 8... Be7 9. e3 O-O
10. Qe2 c5 11. Nc3 Ne4 12. Nd2 Nxd2 13. Bxd2 Nf6 $1 $146 {[%csl Rd2]} (13...
cxd4 14. exd4 Nf6 15. Be3 Qd7 16. Qc4 Rac8 17. Qb3 Bd3 18. Rfc1 b6 19. Nd5 {
1/2-1/2 Schlosser,P-Tischbierek,R/Baden Baden-B 1992}) 14. Bxb7 $2 (14. e4 Bg4
15. f3 cxd4 16. fxg4 dxc3 17. Bxc3 Qb6+ 18. Kh1 Nd7 $15) (14. Rfd1 cxd4 15.
exd4 Bg4 (15... Qxd4 16. Be3 Qe5 (16... Qb4 17. Rd4 Qa5 18. Bxb7 $14) 17. Bxb7
Bg4 18. Bf3 (18. f3 Rab8 19. Bc6 Rfc8 (19... Rxb2 20. Qxb2 Qxe3+ 21. Kg2) 20.
Bb5 Bf5 $17) 18... Qh5 19. Bxg4 Nxg4 20. f4 Bc5 (20... Qf5 $5 {[%csl Rg1]}) 21.
Nd5 Bxe3+ 22. Nxe3 Qc5 23. Rd3 $11) 16. f3 Bf5 $15) 14... Rb8 15. Qa6 Qc7 16.
Bg2 Rxb2 $17 17. Rfd1 (17. Bc1 Rb6 18. Qa5 cxd4 19. Nb5 Qd7 20. Nxa7 (20. a4 d3
$17) 20... Rfb8 $17 {[%cal Yd4d3]}) 17... cxd4 18. Na4 (18. Nb5 Qc4 19. Qxa7
Bc5 20. Na3 Rxd2 $1 21. Rxd2 Qc3 $19) 18... Rxd2 $1 19. Rxd2 dxe3 20. fxe3 (20.
Re2 exf2+ 21. Rxf2 Ng4 $17 {[%cal Ye7c5]}) 20... Qe5 $1 21. Qf1 (21. Re1 Bb4
$19) (21. Rad1 Bg4 $1 (21... Qxe3+ 22. Kh1 Ne4 (22... Bg4 23. Rd3 Qe5 24. Bf3)
23. Re2) 22. Qxa7 (22. Rf1 Qxe3+ 23. Rff2 (23. Rdf2 Bf5 $1 $19 {[%cal Yf5d3,
Yf6g4]}) 23... Rb8 $17) 22... Bxd1 23. Rxd1 Ng4 $1 $17) 21... Qxe3+ 22. Qf2 Qa3
$1 23. Qxa7 Ne4 $1 $19 {[%cal Ye7c5,Ya3a7]} 24. Bxe4 (24. Rc2 Bc5+ $1 $19)
24... Bxe4 {[%cal Ya3f3,Yf3h1,Yf8a8,Ye7g5,Yg5e3]} 25. Re2 (25. Rf1 Bc6 $19)
25... Ra8 26. Qe3 Qxe3+ 27. Rxe3 Rxa4 28. Rc1 f5 29. Re2 h5 30. Kf2 Bd5 31.
Rcc2 Ra3 32. Red2 Bg5 33. Re2 h4 34. gxh4 Bxh4+ 35. Kg1 Bf6 36. Kf2 f4 37. Red2
f3 38. Kg3 Be5+ 39. Kg4 Ra4+ 40. Kh3 g5 41. Rc8+ Kf7 0-1

[Event "American Continental 2nd"]
[Site "Buenos Aires"]
[Date "2003.08.26"]
[Round "8"]
[White "Gurevich, Dmitry"]
[Black "Bruzon Batista, Lazaro"]
[Result "0-1"]
[WhiteElo "2502"]
[BlackElo "2614"]
[Annotator "Huzman,A"]
[PlyCount "112"]
[EventDate "2003.08.17"]
[EventType "swiss"]
[EventRounds "11"]
[EventCountry "ARG"]
[SourceTitle "CBM 097"]
[Source "ChessBase"]
[SourceDate "2003.11.11"]
[SourceVersion "1"]
[SourceVersionDate "2003.11.11"]
[SourceQuality "1"]

1. d4 d5 2. c4 c6 3. Nf3 Nf6 4. Qc2 dxc4 5. Qxc4 Bf5 6. g3 e6 7. Bg2 Nbd7 8.
O-O Be7 9. Nc3 O-O 10. e3 b5 11. Qe2 b4 12. Na4 Qa5 13. b3 Qb5 (13... Be4 14.
Nd2 (14. Bb2 Qh5 (14... Nb6 15. Nxb6 axb6 16. Rfc1 Qh5 $1 17. Qd1 Qd5 18. Ne1
Bxg2 19. Nxg2 Ra5 $132 {1/2-1/2 Georgiev,K-Fontaine,R/France 2003/CBM 95/
[Huzman] (46)}) (14... Rac8 15. Nd2 Bxg2 16. Kxg2 c5 17. dxc5 Nxc5 18. Nc4 Qa6
19. Nxc5 Rxc5 20. e4 Rd8 21. a3 (21. a4 Rc7 22. Rfd1 Rcd7 23. f3 $14 {1/2-1/2
Konopka,M-Siklosi,Z/AUT 2000/EXT 2002 (46)}) 21... Qb7 22. axb4 Rc7 23. Bxf6 {
1/2-1/2 Konopka,M-Rogic,D/AUT 2000/EXT 2002 (23)}) (14... Rfc8 15. Nd2 Bxg2 16.
Kxg2 Nb6 17. a3 Nxa4 18. bxa4 b3 19. Qc4 Qxd2 {0-1 Palacios Perez,M-Rodriguez
Guerrero,E/Ayamonte 2002/CBM 90 ext (19)}) 15. Rfe1 Rfd8 16. Rac1 Rac8 17. Ne5
Qxe2 18. Rxe2 Bxg2 19. Kxg2 Nxe5 20. dxe5 Nd7 21. Rec2 c5 22. Bd4 Rc6 23. e4
Ra6 24. Be3 $14 {1-0 Ribshtein,N-Bloemhard,R/Dieren open 1999 (63)}) 14... Bxg2
15. Kxg2 Nb6 16. Nxb6 axb6 17. e4 Qa6 $1 18. Nc4 Qb7 19. f3 Ra6 20. Be3 Rfa8
$11 {0-1 Kaspi,A-Huzman,A/Ramat Aviv/Modiin 2000/CBM 81/[Huzman] (49)}) 14. Qd1
$6 (14. Re1 Bd3 (14... Rac8 15. a3 (15. Bb2 Rfd8 16. Rad1 Be4 17. Bf1 Nb6 18.
Nxb6 Qxe2 19. Bxe2 axb6 20. Nd2 Ra8 {1/2-1/2 Sargissian,G-Motylev,A/Dubai UAE
2003/(20)}) 15... Qxe2 16. Rxe2 a5 17. axb4 Bxb4 18. Ba3 Bxa3 19. Rxa3 c5 $11 {
0-1 Istratescu,A-Itkis,B/Bucharest 2000/CBM 79 ext (34)}) 15. Qd1 Rac8 16. Bb2
Rfd8 17. Rc1 Qa6 (17... h6 18. Bf1 Bxf1 19. Rxf1 Ne4 20. Nd2 Nxd2 21. Qxd2 c5
$11 {1/2-1/2 Volzhin,A-Rustemov,A/Stockholm 2002/CBM 85 ext (39)}) 18. Nd2 Bb5
19. Bf1 Qb7 {1/2-1/2 Vasilescu,L-Navrotescu,C/ROM 1993/EXT 98 (19)}) 14... Rfd8
15. Bb2 Rac8 16. Rc1 Be4 17. Re1 $2 (17. Nd2 $142 Bxg2 18. Kxg2 c5 19. Qf3 $15)
17... c5 $17 {[%cal Yd8d1][%mdl 36] White where not successful in preventing
breakthrough c5.Bad position of Qd1 creates great problems for White} 18. Bf1 (
18. Qe2 $142 Bd3 $1 19. Qd1 c4 $1 20. bxc4 Bxc4 $17) 18... Qb7 19. Nd2 Bc6 $1
20. Nxc5 Nxc5 21. dxc5 Ne4 $19 22. Re2 (22. Qg4 Ng5 $1 23. Bd4 e5 24. f4 exd4 (
24... Nf3+ 25. Nxf3 Bxf3 26. c6 $1 Bxg4 27. cxb7 Rxc1 28. Rxc1 exd4 29. exd4
$17) 25. fxg5 dxe3 26. Nc4 (26. Rxe3 Rxd2 27. Rxe7 Qxe7 28. Qxc8+ Rd8 29. Qxc6
Qe3+ 30. Kg2 Qxc1 $19) 26... Bxc5 $19) 22... Ng5 (22... Bb5 $1 23. Bd4 (23. Bg2
Qa6 24. Bxe4 Bxe2 $19) (23. c6 Rxc6 24. Rxc6 Qxc6 $19) 23... Bxe2 24. Qxe2 Nxd2
25. Qxd2 e5 $19) 23. f4 (23. Bd4 e5 $1 $19) 23... Nf3+ 24. Kf2 Nxh2 $19 25. Bh3
Bf3 26. Bd4 Ng4+ 27. Kg1 Bxe2 (27... Bxc5 $5 28. Nxf3 Qxf3 29. Qe1 Bxd4 30.
Rxc8 Rxc8 31. exd4 Rc3 $19) 28. Qxe2 Nf6 29. Bg2 Qc7 30. Qa6 Nd5 (30... Nd7 $5
31. c6 e5 32. fxe5 Nxe5 33. Nf1 $17) 31. Ne4 Qc6 32. Bf1 f5 33. Qxc6 (33. Nf2
Bf6 $19) 33... Rxc6 34. Bb5 Rc7 35. Ng5 $1 Bxg5 36. fxg5 $132 {[%csl Gc5][%cal
Gc5c8]} Nc3 37. Bc4 Kf7 38. a3 a5 39. axb4 axb4 40. Bxc3 bxc3 41. Rxc3 Rd2 $1 {
[%csl Rg1]} 42. b4 Ke7 43. Bf1 {/\44.b5} Ra7 44. b5 $2 (44. Rc1 Raa2 (44... Rb2
45. c6 Kd6 46. b5 Kc7 47. Rd1 Kb6 $17) 45. b5 Rac2 46. Rxc2 Rxc2 $19) 44... Ra1
$19 45. c6 Kd8 $6 (45... Rdd1 $1 46. c7 (46. b6 Rxf1+ 47. Kg2 Rfb1 48. Rc2 Kd8
$19) 46... Rxf1+ 47. Kg2 Rfc1 $1 48. c8=Q $140 Ra2+ 49. Kf3 (49. Kh3 Rh1#)
49... Rf1#) 46. c7+ (46. b6 Rb2 47. c7+ Kc8 48. Rc6 Rab1 49. Rxe6 Rxb6 50. Re8+
Kxc7 51. Re7+ Kd6 52. Rxg7 Rd1 53. Rf7 Rb5 54. Kg2 Rb2+ 55. Kg1 Ke6 56. Rf6+
Ke5 $17) 46... Kc8 47. b6 Rb2 48. Rc6 Rab1 $19 49. Rxe6 Rxb6 50. Re7 (50. Re8+
Kxc7 51. Re7+ Kd6 52. Rxg7 Rc1 53. Rf7 Rb5 54. Rf6+ Ke5 55. Rc6 Rxc6 56. Bxb5
Rg6 $19) 50... Rc6 51. Rxg7 (51. Re5 g6 52. Rb5 Rxb5 53. Bxb5 Rc2 $19) 51...
Rcc1 52. Rxh7 Rxf1+ 53. Kg2 Rfc1 54. Kf3 Rxc7 55. Rh8+ Kd7 56. g6 Ke6 0-1

[Event "American Continental 2nd"]
[Site "Buenos Aires"]
[Date "2003.08.23"]
[Round "6"]
[White "Frey, Hugo"]
[Black "Labollita, Martin"]
[Result "1-0"]
[WhiteElo "2342"]
[BlackElo "2454"]
[Annotator "Huzman,A"]
[PlyCount "61"]
[EventDate "2003.08.17"]
[EventType "swiss"]
[EventRounds "11"]
[EventCountry "ARG"]
[SourceTitle "CBM 097"]
[Source "ChessBase"]
[SourceDate "2003.11.11"]
[SourceVersion "1"]
[SourceVersionDate "2003.11.11"]
[SourceQuality "1"]

1. c4 c6 2. Nf3 d5 3. d4 Nf6 4. Qb3 dxc4 5. Qxc4 Bf5 6. g3 e6 7. Bg2 Nbd7 8.
O-O Be7 9. Qb3 Qb6 10. Nbd2 Qa6 (10... O-O 11. Re1 Ne4 12. Qxb6 axb6 13. Nxe4
Bxe4 14. Ne5 Nf6 $11) 11. Nc4 Be4 12. Nfe5 Bd5 (12... Bxg2 13. Kxg2 b5 14. Nxd7
Nxd7 (14... bxc4 $5 15. Nxf6+ Bxf6 $15) 15. Ne3 c5 $15) 13. Qc2 b5 14. Nxd7
Nxd7 15. Nd2 Bxg2 16. Kxg2 c5 $15 {/=} 17. dxc5 Nxc5 18. Nf3 Rc8 19. Be3 Na4
20. Qb3 O-O 21. Rac1 Bf6 $6 (21... Nb6 $5 $15 {[%cal Yb6c4]}) 22. Bd4 $11 Qb7
23. Bxf6 gxf6 24. Qb4 $14 Qd5 $2 (24... a5 $1 25. Qxa5 (25. Qd4 Kg7 26. b3 Nb6
$14) (25. Qd2 b4 $14) 25... Nxb2 26. Rxc8 (26. Rb1 Rc2 27. Qb4 Nc4 28. a4 Qe4
$132) 26... Rxc8 27. Rb1 Rc2 (27... Ra8 28. Qc3 Nc4 29. Qxf6 $16) 28. Qd8+ Kg7
29. Qd4 Na4 $14) 25. b3 $1 Nb6 26. Qe7 $1 $18 {/+/-} Kg7 27. Qxa7 Rc6 (27...
Rxc1 $142 28. Rxc1 Nd7 $16) 28. Rcd1 (28. Rfd1 Rxc1 29. Rxc1 (29. Rxd5 Nxd5 30.
Nd4 Nc7 31. Qb7 Rd8 32. Nxb5 Nxb5 33. Qxb5 Rd2 $132) 29... Nd7 $16) 28... Qe4
29. Rd4 Qc2 $2 (29... Qf5 30. Rfd1 Rfc8 $16) 30. Rg4+ Kh8 31. Qe7 1-0

[Event "WchT 6th"]
[Site "Beersheba"]
[Date "2005.11.05"]
[Round "5.4"]
[White "Goldin, Alexander"]
[Black "Bareev, Evgeny"]
[Result "0-1"]
[WhiteElo "2600"]
[BlackElo "2675"]
[Annotator "Huzman,A"]
[PlyCount "62"]
[EventDate "2005.11.01"]
[EventType "team-tourn"]
[EventRounds "9"]
[EventCountry "ISR"]
[SourceTitle "CBM 110"]
[Source "ChessBase"]
[SourceDate "2006.01.31"]
[SourceVersion "1"]
[SourceVersionDate "2006.01.31"]
[SourceQuality "1"]
[WhiteTeam "US of America"]
[BlackTeam "Russia"]
[WhiteTeamCountry "USA"]
[BlackTeamCountry "RUS"]

1. d4 d5 2. c4 c6 3. Nf3 Nf6 4. Qb3 dxc4 5. Qxc4 Bg4 6. Nbd2 Nbd7 7. g3 e6 8.
Bg2 Be7 9. O-O O-O 10. Ne5 (10. b4 Nb6 11. Qb3 Qd5 12. a3 Bxf3 13. Qxf3 Qxd4
$17 {0-1 Tetenkina,I-Olafsson,H/Aaland-Stockholm 1997/EXT 98 (31)}) (10. e4 Rc8
11. e5 Nd5 12. Ne4 c5 13. Bg5 cxd4 14. Qxd4 Bxf3 15. Bxe7 Nxe7 16. Bxf3 Nc6 $17
{0-1 Arkell,K-Conquest,S/Scarborough 1999/CBM 71 ext (29)}) (10. Qb3 Qb6 11.
Nc4 Qa6 12. Bg5 (12. Bf4 Rfd8 13. Bc7 Re8 14. Bd6 Rad8 15. Rfe1 Nb6 16. Bxe7
Rxe7 17. Nce5 Bf5 18. e3 Be4 19. Bf1 Qa5 20. Ng5 Bg6 21. Rec1 Nfd7 22. Nxg6
hxg6 $14 {1/2-1/2 Fridman,D-Karjakin,S/2004 (75)}) 12... h6 13. Bxf6 Bxf6 14.
e3 Rad8 (14... Rfd8 15. Nd6 Rab8 16. Ne4 Be7 17. Rfc1 Qa5 $15 {1/2-1/2 Oms
Pallise,J-Salgado Lopez,I/Barcelona ESP 2005/(68)}) 15. Rfc1 Bxf3 16. Bxf3 e5
17. dxe5 Nxe5 $11 18. Nxe5 Bxe5 19. Rc2 Qb6 20. Qxb6 axb6 21. Rd1 Rxd1+ 22.
Bxd1 Rd8 23. Be2 h5 24. a3 g5 {1/2-1/2 Hellsten,J-Bareev,E/Rethymnon 2003/CBM
98 no vc (24)}) (10. b3 a5 (10... Qa5 11. h3 Bf5 (11... Bh5 12. Bb2 {1/2-1/2
Akesson,R-Kulaots,K/Gausdal NOR 2005/The Week in Chess 570 (12)}) 12. Nh4 Nb6
13. Nxf5 Nxc4 14. Nxe7+ Kh8 15. Nxc4 Qc7 16. Ba3 Rae8 17. Nxc6 bxc6 18. Bxf8
Rxf8 19. Rfc1 $16 {1-0 Miroshnichenko,E-Korneev,O/Khanty Mansyisk RUS 2005 (58)
}) 11. a3 h6 12. Bb2 Bf5 13. Rfd1 Qc7 14. Ne5 Rfd8 15. e4 Bh7 16. Qe2 Nxe5 17.
dxe5 Nd7 18. Nc4 b5 19. Nd6 Nxe5 20. Bxe5 Bxd6 21. Rxd6 Rxd6 22. Bxd6 Qxd6 23.
e5 Qc5 $15 {1/2-1/2 Jeremic,V-Dobrov,V/Korinthos GRE 2004/(30)}) (10. Re1 a5
11. Ne5 Nb6 12. Qd3 a4 13. Nxg4 Nxg4 14. Nf3 Qc7 15. Bd2 a3 16. b4 Rfd8 17.
Rab1 Ra4 18. Rec1 Nd5 19. b5 $16 {1-0 Gritsak,O-Krasiewicz,R/Warsaw POL 2005/
(29)}) (10. Nb3 a5 11. Bg5 h6 12. Bxf6 Bxf6 13. e3 Bxf3 14. Bxf3 e5 15. Rad1
exd4 16. exd4 a4 $11 {1/2-1/2 Dreev,A-Malakhov,V/Benidorm ESP 2005/CT-1842 (25)
}) 10... Bh5 11. Nxd7 (11. Ndf3 c5 12. Nxd7 Nxd7 13. dxc5 Bxf3 14. Bxf3 Ne5 15.
Qe4 Nxf3+ 16. Qxf3 Bxc5 17. Qxb7 Rb8 18. Qf3 Qa5 19. Rd1 Rfd8 $44 {1/2-1/2
Portisch,L-Barczay,L/Budapest 1964/MCD (42)}) 11... Nxd7 (11... Qxd7 12. Nb3
Rfd8 13. e4 a5 14. Be3 Ng4 15. Nc5 Qc7 16. e5 Nxe3 17. fxe3 $14 {/=}) 12. Nb3 (
12. Nf3 Qb6 13. b3 a5 14. a4 Rfd8 15. Bb2 Bf6 16. e3 Bxf3 17. Bxf3 e5 18. Rad1
exd4 19. exd4 Nf8 20. Bg4 Rd5 21. Bf3 Rd7 22. Bg4 Rd6 $15 {1/2-1/2 Cordova,
E-Pacheco,M/Lima 2004/EXT 2005 (39)}) 12... a5 (12... Bd6 13. e4 Qe7 14. Be3
Kh8 15. a4 a5 16. Bd2 Nb6 17. Qc2 Bb4 18. Be3 Nd7 19. h3 Rac8 20. Rac1 Rcd8 21.
f4 f5 22. Bd2 Nf6 23. e5 Nd5 24. Nxa5 $16 {1-0 Rashkovsky,N-Najer,E/St
Petersburg 1998/CBM 67 (75)}) (12... Qb6 13. e4 a5 14. Be3 a4 15. Nd2 Qa5 16.
a3 e5 $11 {1-0 Vaganian,R-Kulaots,K/Moscow 2005/CBM 106/[Huzman] (68)}) 13. a4
e5 {Black decides to open the position by this move and tries to fight for the
initiative.} 14. dxe5 $6 {White activates the pieces of Black without any
reason.} ({Much more stronger was} 14. Rd1 Qb6 (14... Re8) 15. Be3 $5 Bxe2 (
15... Qb4 16. Qxb4 Bxb4 17. Kf1 Bg6 18. d5 $1 $36) 16. Qxe2 Qxb3 17. d5 $44) ({
or} 14. Qc2 Bg6 15. e4 Bb4 16. Rd1 Qe7 $11) 14... Nxe5 15. Qc2 (15. Qc3 Bf6 16.
Qc2 Bg6 17. e4 Qd3 $17) 15... Bg6 16. e4 $2 {White weakened the square d3 by
this move and Black got the advantage.} (16. Qc3 $142 Bf6 17. Nc5 Re8 $5 (17...
Nd3 18. Nxb7 Qe7 19. Qxc6 Qxe2 20. Be3 $11) (17... Qe7 18. Ne4 Bxe4 19. Bxe4
Rfd8 20. Qc2 g6 $11) 18. Nxb7 Qc7 19. Nc5 Nd3 20. Qc4 Nxc5 21. Qxc5 Rxe2 22.
Bf4 $11) 16... Qd3 $1 $15 17. Qxd3 Nxd3 18. Bd2 Bb4 19. Bc3 (19. Bxb4 $2 axb4
20. Rfb1 f5 $17) 19... f6 (19... Rfd8 20. Rfd1 c5 21. Nc1 c4 22. Nxd3 Bxc3 23.
bxc3 cxd3 24. Rab1 $11) 20. Rfd1 Rfd8 21. Nd4 Nc5 22. f3 Rd6 (22... Bf7 $5 23.
Bf1 Nb3 24. Nxb3 Bxb3 $15) 23. Bf1 (23. Kf2 Rad8 24. Ke2 $2 Bf7 $17) 23... Rad8
24. Be2 {White equalised the game by accurate play.} Nxe4 $6 {This risky move
brings an advantage for Black in the game. But probably both opponents missed
the strong possibility of White in the 26th move.} (24... Bf7 25. Kf2 $11) 25.
Bxb4 (25. fxe4 Bc5 26. Kf1 (26. Bxa5 Rxd4 27. Kf1 Rxd1+ 28. Rxd1 Rxd1+ 29. Bxd1
Bxe4 $17) 26... Bxd4 27. Bxa5 b6 28. Rxd4 bxa5 29. Rxd6 Rxd6 30. Bf3 Rd4 31. e5
fxe5 32. Bxc6 Kf7 $17) 25... axb4 (25... Rxd4 26. Bxa5 Rxd1+ 27. Rxd1 Rxd1+ 28.
Bxd1 Nc5 29. Bc3 $14) 26. Nb3 $2 (26. Ne6 $1 Re8 (26... Rxd1+ 27. Bxd1 Rd2 (
27... Rd6 28. fxe4 Rxe6 29. Bb3 Kf7 30. Rd1 (30. Re1 Ke7 31. Bxe6 Kxe6 32. Kf2
$16) 30... Ke7 31. Bxe6 Kxe6 32. a5 Bxe4 33. Rd4 Bd5 34. Rxb4 $16) 28. fxe4
Bxe4 (28... Rxb2 29. Nc5 b6 30. a5 $1) 29. Nc5 $16) 27. fxe4 Rdxe6 28. Bc4 Bxe4
29. Bxe6+ Rxe6 30. Rd7 c5 31. a5 $1 $16) 26... Bf7 27. Na5 (27. fxe4 Bxb3 28.
Rxd6 Rxd6 $19) 27... Rxd1+ 28. Rxd1 Rxd1+ 29. Bxd1 Nc5 30. b3 Bd5 31. Be2 (31.
Kf2 b6 32. Nc4 Nxa4 $19 (32... Bxc4 33. bxc4 b3 34. Ke3 b2 35. Bc2 Nxa4 36. Kd4
Kf7 $19)) 31... Kf8 (31... Kf8 32. Bd1 b6 33. Nc4 Bxc4 34. bxc4 b3 $19) 0-1

[Event "Linares 19th"]
[Site "Linares"]
[Date "2002.03.03"]
[Round "8"]
[White "Ivanchuk, Vassily"]
[Black "Ponomariov, Ruslan"]
[Result "1/2-1/2"]
[WhiteElo "2717"]
[BlackElo "2727"]
[Annotator "Huzman,A"]
[PlyCount "39"]
[EventDate "2002.02.22"]
[EventType "tourn"]
[EventRounds "14"]
[EventCountry "ESP"]
[EventCategory "20"]
[SourceTitle "CBM 088"]
[Source "ChessBase"]
[SourceDate "2002.03.21"]
[SourceVersion "1"]
[SourceVersionDate "2002.03.21"]
[SourceQuality "1"]

1. d4 d5 2. Nf3 Nf6 3. c4 dxc4 4. Qa4+ Nc6 5. Nc3 Nd5 6. Qxc4 Nb6 7. Qb3 (7.
Qd3 e5 8. dxe5 (8. Nxe5 Nb4 (8... Qxd4 9. Nxc6 Qxd3 10. exd3 bxc6 11. Be2 Bf5
12. O-O O-O-O 13. Ne4 Kb7 14. a3 Be7 15. Be3 Nd5 16. Bd2 Rhe8 17. Bf3 Nf6 18.
Bc3 Rxd3 19. Bxf6 gxf6 20. Rac1 Bd7 21. Nc5+ Bxc5 22. Rxc5 {1/2-1/2 Reshevsky,
S-Portisch,L/Tel Aviv 1964/MCD (22)}) 9. Qb1 (9. Qd1 Qxd4 10. Qxd4 Nc2+ 11. Kd1
Nxd4 12. e3 Ne6 {1/2-1/2 Davies,N-Stempin,P/Polanica Zdroj 1989/EXT 97 (12)})
9... Qxd4 10. Nf3 Qd6 11. e4 Bg4 12. a3 Bxf3 13. gxf3 Nc6 14. Nb5 Qe7 15. Be3
O-O-O 16. Bh3+ Kb8 17. O-O Qh4 18. Kg2 a6 19. Nc3 Rd6 20. Ne2 Nc4 21. Bf4 Rg6+
22. Bg3 Nd2 $19 {0-1 Conquest,S-Dlugy,M/New York 1984/MCD (32)}) (8. e3 exd4 9.
Nxd4 Nxd4 10. exd4 Be7 11. Be2 O-O 12. O-O Be6 13. Rd1 c6 14. Bf4 Re8 15. Bf3
Nd5 $15 {0-1 Ritter,M-Dlugy,M/New York 1993/TD (58)}) 8... Qxd3 9. exd3 Nb4 (
9... Bg4 10. Bf4 Bc5 11. Be2 O-O-O 12. d4 Be7 13. O-O-O Bxf3 14. Bxf3 Nxd4 15.
Bg4+ Kb8 16. Be3 Ne6 $14 {1-0 Bewersdorff,O-Szymczak,Z/BL2-O 1994/GER-chT2 (52)
}) 10. Kd1 Bf5 11. Ne1 O-O-O 12. a3 Nc6 13. f4 Bc5 14. Nf3 Nc4 15. Kc2 Ne3+ 16.
Bxe3 Bxe3 17. g3 Bg4 18. Ng5 Nd4+ 19. Kb1 Rhf8 20. Nd1 Bd2 21. Nf2 Bf5 22. Bh3
Bxh3 23. Nfxh3 f6 24. exf6 gxf6 25. Ne4 Ba5 26. b4 Bb6 27. Ra2 f5 28. Nc3 Rfe8
$44 {0-1 Goormachtigh,J-Velikov,P/Haifa 1989/EU-chT (36)}) 7... e5 $146 (7...
Be6 8. Qd1 Bg4 9. d5 Nb8 10. Ne5 Bc8 11. e4 $16 {0-1 Pacheco,D-Vasta,E/Mar del
Plata op-28 Mar del Plata 1997 (38)}) (7... Bg4 8. d5 Bxf3 9. gxf3 Nd4 10. Qd1
e5 11. e3 Nf5 12. f4 Bb4 13. e4 Nd6 14. Bg2 Qh4 15. fxe5 Nxe4 16. Qd4 Nxd5 17.
Bxe4 Rd8 18. Bd2 O-O 19. Nxd5 Bxd2+ 20. Kxd2 Rxd5 21. Qxd5 Rd8 22. Qxd8+ Qxd8+
23. Ke3 $18 {1-0 Bukal,V-Hansen,L/Sitges op 1999 (38)}) 8. dxe5 (8. Nxe5 $5
Nxe5 (8... Be6 9. Nxc6 bxc6 10. Qd1 $16) 9. dxe5 Be6 10. Qc2 Qd4 11. g3 (11. f4
O-O-O 12. e3 Qb4 $44) 11... Qxe5 (11... Bb4 12. Bg2 O-O-O 13. O-O Qxe5 14. Bf4
$36) 12. Bf4 Qc5 13. Bg2 O-O-O 14. Rc1 (14. O-O Nd5 $11) 14... Bd6 15. Bxd6
Qxd6 16. O-O $36) 8... Be6 9. Qc2 Nd4 10. Qd3 (10. Nxd4 Qxd4 11. g3 $5) 10...
Bc5 11. e3 (11. Nxd4 Qxd4 12. Be3 (12. Qxd4 Bxd4 13. f4 Bxc3+ (13... Nc4 14.
Nb5 Bb6 15. e4 $16) 14. bxc3 Na4 15. Bd2 O-O-O $44) 12... Qxe5 13. Qb5+ Nd7 $11
) 11... Nxf3+ 12. gxf3 Qxd3 13. Bxd3 O-O-O 14. Be2 (14. Bc2 $5 Nc4 15. f4)
14... Bb4 15. Bd2 Na4 16. a3 (16. Rg1 g6 $11) 16... Bxc3 17. Bxc3 Nxc3 18. bxc3
Rd5 19. f4 Rc5 20. Rc1 (20. Rc1 Ra5 21. Ra1 Rc5 $11) 1/2-1/2